000
00279nam a2200097Ia 4500
082
_a
SOT F MOIL
245
0
_a
Tsietsi e latella tshotleho
100
_a
MOILOA, J J. Goodwood [South Africa], [2007] 1st ed
_9
34135
942
_c
BK
008
210816s9999 xx 000 0 und d
999
_c
123958
_d
123957